000 01291nam1a22002531i 4500
001 rc\3685553
005 20260406152104.0
035 _a(NLR Aleph) 007753894
090 _a7292860
_c7292860
100 _a20130115d1974 |||y0rusy50 ca
101 0 _arus
102 _aRU
105 _ay z |||||
200 1 _aТезисы докладов XVI Научной студенческой конференции, посвященной 80-летию В.В. Маяковского
_e[1]-
_fМ-во нар. образ. КиргССР. Кирг. гос. ун-т имени 50-летия СССР
210 _aФрунзе
_cБ. и.
_d1974
215 _d20
532 1 1 _aТезисы докладов Шестнадцатой Научной студенческой конференции, посвященной 80-летию В.В. Маяковского
702 1 _4570
_8rus
_7ca
_aМаяковский
_bВ. В.
_f1893-1930
_gВладимир Владимирович
_3RU\NLR\AUTH\775761
_9115720
710 1 2 _aКиргизский университет им. 50-летия СССР (Фрунзе). Научная студенческая конференция (16; 1974)
801 0 _aRU
_bNLR
_gpsbo
801 1 _aRU
_bELAR
_2rusmarc
852 _aNLR
_j74-4/5701
942 _cBOOK